Unit operations of chemical engineering (Record no. 3799)

000 -LEADER
fixed length control field 00652nam a2200241 a 4500
001 - CONTROL NUMBER
control field 3799
003 - CONTROL NUMBER IDENTIFIER
control field BD-DhUET
008 - FIXED-LENGTH DATA ELEMENTS--GENERAL INFORMATION
fixed length control field 850523s1985 nyua b 001 0 eng
020 ## - INTERNATIONAL STANDARD BOOK NUMBER
International Standard Book Number 0070448280
040 ## - CATALOGING SOURCE
Modifying agency BD-DhUET
Transcribing agency 0
082 0# - DEWEY DECIMAL CLASSIFICATION NUMBER
Classification number 660.2842
Item number MCC/1985
100 1# - MAIN ENTRY--PERSONAL NAME
Personal name McCabe, Warren L.
245 10 - TITLE STATEMENT
Title Unit operations of chemical engineering
250 ## - EDITION STATEMENT
Edition statement 4th ed.
260 ## - PUBLICATION, DISTRIBUTION, ETC. (IMPRINT)
Place of publication, distribution, etc. New York
Name of publisher, distributor, etc. McGraw-Hill
Date of publication, distribution, etc. 1985
300 ## - PHYSICAL DESCRIPTION
Extent x, 960 p.
Other physical details ill.
Dimensions 25 cm.
490 1# - SERIES STATEMENT
Series statement McGraw-Hill chemical engineering series
504 ## - BIBLIOGRAPHY, ETC. NOTE
Bibliography, etc Includes bibliographies
650 #0 - SUBJECT ADDED ENTRY--TOPICAL TERM
Topical term or geographic name as entry element Chemical Processer
700 1# - ADDED ENTRY--PERSONAL NAME
Personal name Smith, Julian C.
700 1# - ADDED ENTRY--PERSONAL NAME
Personal name Harriott, Peter.
942 ## - ADDED ENTRY ELEMENTS (KOHA)
Koha item type General Book
Holdings
Date acquired Sublocation or collection (holding branch) Koha date last seen Koha full call number Price effective from Lost status Shelving location Koha issues (times borrowed) Location (home branch) Piece designation (barcode) Damaged status Withdrawn status Not for loan Koha normalized classification for sorting Copy number Koha item type Koha date last borrowed Source of classification or shelving scheme
2014-11-05Central Library, BUET2016-10-23660.2842/MCC/19852014-11-05 Circulation section Central Library, BUET72739   660_000000000000000_2842MCC1981General Book  
2014-11-05Central Library, BUET2014-11-05660.2842/MCC/19852014-11-05 Circulation section Central Library, BUET77549   660_000000000000000_2842MCC1982General Book  
2014-11-05Central Library, BUET2018-12-04660.2842/MCC/19852014-11-05 Circulation section2Central Library, BUET77550   660_000000000000000_2842MCC1983General Book2018-11-14 
2015-07-01Central Library, BUET2015-07-01660.2842/MCC/19852015-07-01 Reading section Central Library, BUET68731   660_284200000000000_MCC_19854Reading Item  
1989-06-27Central Library, BUET2024-11-25660.2842 MCC/19852024-11-25 Rental section Central Library, BUET73910   660_284200000000000_MCC_1985৪/ক-১Rental Item  
1989-06-27Central Library, BUET2024-11-25660.2842 MCC/19852024-11-25 Rental section Central Library, BUET73911   660_284200000000000_MCC_1985৪/ক-২Rental Item  
1989-06-27Central Library, BUET2024-11-25660.2842 MCC/19852024-11-25 Rental section Central Library, BUET73912   660_284200000000000_MCC_1985৪/ক-৩Rental Item  
1989-06-27Central Library, BUET2024-11-25660.2842 MCC/19852024-11-25 Rental section Central Library, BUET73913   660_284200000000000_MCC_1985৪/ক-৪Rental Item  
1989-06-27Central Library, BUET2024-11-25660.2842 MCC/19852024-11-25 Rental section Central Library, BUET73914   660_284200000000000_MCC_1985৪/ক-৫Rental Item  
1989-06-27Central Library, BUET2024-11-25660.2842 MCC/19852024-11-25 Rental section Central Library, BUET73915   660_284200000000000_MCC_1985৪/ক-৬Rental Item  
1989-06-27Central Library, BUET2024-11-25660.2842 MCC/19852024-11-25 Rental section Central Library, BUET73916   660_284200000000000_MCC_1985৪/ক-৭Rental Item  
1989-06-27Central Library, BUET2024-11-25660.2842 MCC/19852024-11-25 Rental section Central Library, BUET73917   660_284200000000000_MCC_1985৪/ক-৮Rental Item  
1989-06-27Central Library, BUET2024-11-25660.2842 MCC/19852024-11-25 Rental section Central Library, BUET73918   660_284200000000000_MCC_1985৪/ক-৯Rental Item  
1989-06-27Central Library, BUET2024-11-25660.2842 MCC/19852024-11-25 Rental section Central Library, BUET73919   660_284200000000000_MCC_1985৪/ক-১০Rental Item  
1989-06-27Central Library, BUET2024-11-25660.2842 MCC/19852024-11-25 Rental section Central Library, BUET73934   660_284200000000000_MCC_1985৪/ক-২৫Rental Item  
1989-06-27Central Library, BUET2024-11-25660.2842 MCC/19852024-11-25 Rental section Central Library, BUET73935   660_284200000000000_MCC_1985৪/ক-২৬Rental Item